000 00543nam a2200193Ia 4500
005 20250923144556.0
008 008 250917s9999 xx 000 0 eng d
037 _aTextual
040 _aDSWL
_beng
_cDSWL
041 _aeng
_2eng
084 _aS:47, H8
_qDSWL
100 _aLazarsfeld, P.F.
_9826251
245 0 _aPeoples choice
_cby PF Lazarsfeld.
260 _aNew York
_bColmbia Unit
_c1955
300 _a178p.
700 _a B.Berelson H. Gautetc
_9826252
942 _cTEXL
_hS:47, H8
999 _c1440702
_d1440702